Land usage in Serenje District (Record no. 48832)

MARC details
000 -LEADER
fixed length control field 00886nam a2200205 a 4500
008 - FIXED-LENGTH DATA ELEMENTS--GENERAL INFORMATION
fixed length control field 061113s1951 ||||||||||||||||| || u
050 ## - LIBRARY OF CONGRESS CALL NUMBER
Classification number UNZA-IAS(08)RLP/19
100 ## - MAIN ENTRY--PERSONAL NAME
Personal name Peters, D. U
245 10 - TITLE STATEMENT
Title Land usage in Serenje District
Statement of responsibility, etc. By D.U. Peters
246 ## - VARYING FORM OF TITLE
Title proper/short title A survey of land usage and the agricultural system of the Lala of Serenje Plateau
260 ## - PUBLICATION, DISTRIBUTION, ETC.
Place of publication, distribution, etc. Manchester
Name of publisher, distributor, etc. Manchester University
Date of publication, distribution, etc. 1951
350 ## - PRICE (NR) (BK AM CF MU VM SE) [OBSOLETE]
Price 0.00
490 ## - SERIES STATEMENT
Series statement The Rhodes-Livingstone Papers
500 ## - GENERAL NOTE
General note a report submitted to the Director of Agriculture, Mazabuka, N.R. in 1946
650 ## - SUBJECT ADDED ENTRY--TOPICAL TERM
Topical term or geographic name entry element LAND
650 ## - SUBJECT ADDED ENTRY--TOPICAL TERM
Topical term or geographic name entry element LAND USE--ZAMBIA
650 ## - SUBJECT ADDED ENTRY--TOPICAL TERM
Topical term or geographic name entry element AGRICULTURAL --ZAMBIA
710 ## - ADDED ENTRY--CORPORATE NAME
Corporate name or jurisdiction name as entry element University of Zambia. Institute for African Studies
995 ## - RECOMMENDATION 995 [LOCAL, UNIMARC FRANCE]
-- 0.00
-- CBU-MAIN LIBRARY (Kitwe)
-- 1
-- 0.00
-- 19
-- AVAILABLE
-- Nov 13, 2006
-- University Collection
Holdings
Withdrawn status Lost status Source of classification or shelving scheme Damaged status Not for loan Home library Current library Shelving location Date acquired Total Checkouts Full call number Barcode Date last seen Price effective from Koha item type
          CBU-MAIN LIBRARY, KITWE. CBU-MAIN LIBRARY, KITWE.   11/30/2022   UNZA-IAS(08)RLP/19 Z03001374 11/30/2022 11/30/2022 MONOGRAPH